[Event "Hoogovens"]
[Site "Wijk aan Zee"]
[Date "1999.01.19"]
[Round "3"]
[White "Piket, Jeroen"]
[Black "Timman, Jan H"]
[Result "1-0"]
[WhiteElo "2609"]
[BlackElo "2649"]
[Annotator "Stohl,I"]
[PlyCount "61"]
[EventDate "1999.01.16"]
[EventType "tourn"]
[EventRounds "13"]
[EventCountry "NED"]
[EventCategory "17"]
[SourceTitle "CBM 069"]
[Source "ChessBase"]
[SourceDate "1999.04.01"]
[SourceVersion "1"]
[SourceVersionDate "1999.04.01"]
[SourceQuality "1"]

1. d4 {Ftacnik} e6 2. c4 b6 3. e4 Bb7 4. Nc3 Bb4 5. f3 {[%csl Gc4,Gd4,Ge4,Gf3]
One of White's numerous possibilities to fight the increasingly popular
unnamed e6,b6 system. Compared to other tries White wants to set up a mighty 
[+] and under it's cover finish his development.} f5 {Perhaps not the best.} ({
Black has had better practical results with} 5... Qh4+ $5 6. g3 Qh5 ({
Premature is} 6... Bxc3+ $143 7. bxc3 Qh5 8. Nh3 f5 (8... Qa5 9. Bd2 f5 10. Bd3
fxe4 11. fxe4 Nf6 12. O-O e5 13. Rb1 a6 14. c5 Nc6 15. cxb6 cxb6 16. c4 Qxa2
17. d5 Nd4 18. Rxb6 Bc8 19. Ng5 O-O 20. Rbxf6 Rxf6 21. Qh5 Rxf1+ 22. Bxf1 {
1-0,Ribli,Z-Orso,M/HUN-ch/1977/}) 9. Nf4 Qf7 10. Bd3 Ne7 11. O-O Nbc6 12. Qe2
O-O 13. Ba3 Rfe8 14. c5 Na5 15. Rae1 Nec6 16. Rf2 Rad8 17. e5 Ne7 18. g4 Kh8
19. h4 Nac6 20. h5 g5 21. hxg6 Nxg6 22. Nxg6+ Qxg6 23. Rg2 Qf7 24. Kf2 Ne7 25.
Rh1 Rg8 26. Rgh2 $40 {Zilberman,N-Bricard,E/Manila olm/1992/}) 7. Bf4 $5 (7.
Bd2 f5 8. exf5 Qxf5 9. Nb5 Bxd2+ 10. Qxd2 Na6 11. O-O-O Ne7 12. Bd3 Qf6 13. Nh3
Qxf3 14. Ng5 Qh5 15. Rhf1 h6 16. Nf7 O-O 17. g4 Qh4 18. Qc2 Nf5 $1 19. gxf5 Nb4
$17 {Ree,H-Miles,A/Amsterdam/1978/}) (7. Be3 f5 8. exf5 exf5 (8... Qxf5 $142 $5
$132) 9. Qe2 Nf6 10. Bd2+ Kf7 11. O-O-O Re8 12. Qf2 Kg8 13. Bg2 Qf7 14. d5 Na6
15. Kb1 c6 16. dxc6 Bxc6 17. Qf1 Nc7 18. Nh3 h6 19. Nf4 a6 20. Qd3 b5 21. Ncd5
Bxd5 22. cxd5 Bxd2 23. Rxd2 Re5 24. Qc3 d6 25. Qc6 Rd8 26. Rhd1 Rd7 27. h4 $14
{Indjic,D-Tosic,M/Becici/1994/}) (7. a3 Bxc3+ 8. bxc3 f5 9. exf5 Qxf5 10. Bd3
Qa5 11. Ne2 Bxf3 12. O-O Bb7 13. c5 bxc5 14. Rb1 Bc6 15. d5 Ba4 16. Qe1 c4 17.
Bxc4 Nf6 18. Nd4 Nxd5 19. Nxe6 dxe6 20. Qxe6+ Ne7 21. Re1 Nbc6 22. Be3 Qf5 23.
Qxf5 Nxf5 24. Bg5+ Nce7 25. Rb2 Rd8 26. Bxe7 Nxe7 27. Rbe2 Rd7 28. Rb2 Rf8 29.
Be6 Rd6 30. Rb8+ Rd8 31. Rb7 Bd7 32. Bc4 a5 33. Ra7 a4 34. Ra5 Rf5 35. Ra6 Rc5
36. Ba2 Rxc3 37. Kf1 {0-1 Guliev,S-Poluljahov,A/Simferopol 1989/EXT 97 (37)}) (
7. Bg2 Bxc3+ (7... f5 8. Nge2 fxe4 9. fxe4 e5 10. Be3 exd4 11. Bxd4 Nf6 12.
Bxf6 gxf6 13. O-O Nc6 14. Nd5 O-O-O 15. Rf5 Qh6 16. Rxf6 Qg7 17. Nef4 Bc5+ 18.
Kh1 Ne5 19. Nh5 Qg4 20. b4 Bd6 $44 {Roeder,F-Clever,G/Augsburg/1986/}) (7...
Ne7 8. Nge2 f5 9. O-O Bxc3 10. Nxc3 O-O 11. Be3 d6 12. Qd2 Nd7 13. Nb5 Rfc8 14.
Bg5 Qf7 15. Rae1 Ng6 16. exf5 exf5 17. d5 Nge5 18. b3 Nc5 19. Be3 Re8 20. Nd4
$14 {Hoang Than Trang-Williams,S/Budapest/1994/}) 8. bxc3 f5 9. e5 Nc6 10. Nh3
Na5 11. Nf4 Qf7 12. c5 Ne7 13. O-O g5 14. Nd3 f4 15. Rf2 Nf5 16. gxf4 gxf4 17.
Bxf4 Rg8 18. Kh1 O-O-O 19. cxb6 axb6 20. Qe2 Nh4 21. Raf1 Rg7 22. Bg3 Nf5 23.
Bf4 Rdg8 $40 {Vaidya,A-King,D/Dhaka/1993/}) (7. Nh3 {The most usual, although
perhaps not the best move.} e5 $5 (7... f5 8. Nf4 Qf7 9. Bg2 (9. d5 fxe4 10.
fxe4 e5 11. Ng2 Nf6 12. Bd3 Bxc3+ 13. bxc3 d6 14. c5 bxc5 15. O-O O-O 16. g4
Qe8 17. Rb1 Bc8 18. h3 Nbd7 19. Bg5 Qg6 20. Be3 Nb6 21. Nh4 Qe8 22. Nf5 Bxf5
23. Rxf5 Qa4 $17 {Borges Mateos,J-Arencibia,W/Havana/1998/}) 9... Ne7 10. O-O
Bxc3 11. bxc3 Nbc6 12. Nd3 O-O-O 13. c5 Rhg8 14. Rb1 g5 15. Ba3 d6 16. Qa4 f4
17. cxd6 cxd6 18. c4 Nxd4 19. Qxa7 Nec6 20. Qxb6 $16 {Laato,A-Kytoniemi,J/
FIN-chT 9697/1996/}) 8. d5 Ne7 9. Nf2 O-O 10. Be2 Qg6 11. Nd3 Bxc3+ 12. bxc3 d6
13. g4 Nd7 14. Be3 Nc5 15. Nf2 f6 16. h4 Qe8 17. Rb1 a5 18. Rh2 Ba6 19. Qd2 Ng6
20. h5 Nf4 21. Bxf4 exf4 22. Qxf4 Qa4 $132 {Sashikiran,K-Speelman,J/Torquay/
1998/}) 7... Na6 8. Bg2 f5 9. Nge2 fxe4 10. fxe4 Nf6 11. Qc2 O-O-O 12. O-O-O
Rhf8 13. a3 Be7 14. h3 Qg6 15. g4 Ne8 16. Rhf1 $36 {[+]1/2,Raetsky,A-Teske,H/
Budapest/1992/}) 6. exf5 exf5 (6... Qh4+ 7. g3 Qf6 8. fxe6 Ne7 9. Bh3 h5 10.
Bf4 dxe6 11. Qd2 Nbc6 12. O-O-O Bxc3 13. Qxc3 g5 14. Be3 g4 15. fxg4 hxg4 16.
Bxg4 Nb4 17. Qxb4 Bxh1 18. Nh3 $40 {Piket,J-Speelman,J/Escaldes/1998/}) (6...
Nh6 7. fxe6 Nf5 8. Bf4 O-O 9. Qd2 $1 $14) 7. Nh3 {Ftacnik: 'This structure is
a bit unusual, black has achieved the "Dutch" move f7-f5, but f3 pawn
eliminates pressure along a8-h1 diagonal.'} (7. Be3 Ne7 (7... Bxc3+ $142 $5) 8.
Nge2 O-O 9. Qb3 Bxc3+ 10. Qxc3 Ng6 11. O-O-O f4 12. Bd2 b5 13. Qb3 Kh8 14. cxb5
a6 15. bxa6 Bxa6 16. d5 c6 17. Nc3 Qc7 18. Kb1 Qa7 19. Re1 cxd5 20. Qxd5 Nc6
21. Re4 Bb7 22. Ra4 Qb6 23. Rxa8 Rxa8 24. Qd6 Re8 25. Bc4 $16 {Hentunen,
A-Issakainen,A/FIN-chT/1990/}) (7. Nge2 Qh4+ 8. g3 Qh5 9. Bg2 Bxf3 $6 10. Nf4
$1 Bxd1 11. Nxh5 Bxh5 12. Bxa8 c6 13. Bf4 d6 14. d5 Kd7 15. O-O Bxc3 16. bxc3
Be2 17. dxc6+ Nxc6 18. Rfe1 Bxc4 19. Rad1 d5 20. Bxc6+ Kxc6 21. Re8 Kd7 22. Ra8
Ke6 23. Re1+ Kf7 24. Rxa7+ Kg6 25. Re8 {1-0,Azmaiparashvili,Z-Yewdokimov,O/
Oviedo/1991/}) (7. Qd3 $5 Qf6 (7... Qe7+ 8. Nge2 Nc6 9. Bd2 Bxc3 10. Bxc3 O-O-O
11. Qxf5 Nf6 12. O-O-O Rhf8 13. d5 Nb4 14. Bxb4 Qxb4 15. Qc2 Rde8 16. Nd4 Qc5
17. Nb3 Qe3+ 18. Qd2 Qe7 19. Bd3 $16 {Stipic,M-Reuter,J/Buehl/1992/}) 8. Bf4
Nc6 9. O-O-O Bxc3 10. Qxc3 O-O-O 11. h4 h6 12. Ne2 Re8 13. h5 Qf7 14. d5 Nb8
15. Be5 Rh7 16. Nf4 d6 17. Bd4 Nd7 18. Bd3 Nc5 19. Bxc5 bxc5 20. Qc2 Ne7 21.
Ng6 $16 {Peredy,F-Mah,K/Budapest/1995/}) (7. Qe2+ Ne7 (7... Qe7 $142) 8. Bg5 h6
9. Bh4 O-O 10. O-O-O g5 11. Bf2 Bxc3 12. bxc3 Ng6 13. h4 Qf6 14. hxg5 hxg5 15.
Qc2 Nc6 16. Ne2 Rf7 17. Ng3 Nh4 18. Bd3 Ne7 19. d5 c5 20. f4 $40 {עg8,Stone,
R-Nickoloff,B/Toronto/1985/}) 7... Nc6 $146 (7... Qh4+ $5 8. g3 Qf6 (8... Qe7+
9. Kf2 Nf6 10. Nb5 Na6 11. a3 c6 12. Nc3 Bxc3 13. bxc3 O-O 14. Bd3 Nc7 15. Re1
Qf7 16. Bf4 Nfe8 17. c5 Nd5 18. Bc4 Kh8 19. Qb3 Nef6 20. Be5 Qh5 21. Kg2 b5 22.
Bxd5 Nxd5 23. Nf4 $14 {[%csl Rb7,Ge5] |^^-,Ogaard,L-Keene,R/Gausdal/1983/}) 9.
Be2 Ne7 10. O-O Bxc3 11. bxc3 O-O 12. Re1 Nbc6 13. Bf1 $6 Ng6 14. c5 Na5 15.
cxb6 cxb6 16. Bb5 Bc6 17. Qd3 Rfe8 18. Bd2 Rac8 19. Ba6 Bb7 20. Ng5 Bxa6 21.
Qxa6 h6 22. Nh3 Qc6 23. Qd3 Qd5 24. Nf2 Nc4 $17 {0-1 Levit,R-Savage,A/
Philadelphia 1995/EXT 97 (34)}) (7... Nf6 8. Bd3 Qe7+ 9. Kf2 O-O 10. Bxf5 Nc6
11. Re1 Qd6 12. a3 Qxd4+ 13. Qxd4 Nxd4 14. axb4 Nxf5 15. Bf4 Nd4 16. Rad1 Nc2
17. Re2 Nxb4 18. Bxc7 Rfe8 19. Be5 Ba6 20. b3 $16 {[%csl Ra7,Rd7] _|_ק,
Minasian,A-Chernyshov,K/Pardubice/1996/}) 8. Bg5 Nf6 (8... Nge7 {Ftacnik} 9. d5
(9. Be2 h6 10. Be3 $13) 9... Ne5 10. Qd4 $14) 9. Qe2+ Kf7 (9... Qe7 10. Bxf6
Qxe2+ (10... gxf6 {Ftacnik} 11. O-O-O $14) 11. Bxe2 gxf6 12. O-O-O $14 {
[%csl Rf5,Rf6] ><f5,f6}) 10. O-O-O Bxc3 (10... Re8 {Ftacnik} 11. Qc2 Bxc3 (
11... h6 $2 12. Bxf6 Qxf6 13. Nd5 $16) 12. Qxc3 $14) 11. bxc3 h6 $6 {Black
should have tried to avoid the subsequent weakening of his >>.} ({Deserving
attention was the immediate} 11... Qe7 $5 12. Qb2 Rhe8 {/\Kg8} 13. Bd3 Na5 $132
) (11... Re8 {Ftacnik} 12. Qc2 h6 13. Bh4 g5 14. Bf2 Ne7 15. Bd3 f4 16. Rhe1
$14) 12. Bh4 Qe7 13. Qb2 {Ftacnik: 'Surprising retreat, the queen covers a3
square and toys with the idea of tactical tricks along the b file. More
logical seems 13.Qc2 with the attack along the b1-h7 diagonal. '} (13. Qc2 {
Ftacnik} g5 14. Bf2 Rae8 15. Kb2 f4 16. Bd3 $14) 13... g5 (13... Rhe8 14. Re1
$5 $36) (13... Rae8 {Ftacnik} 14. Bd3 g5 15. Bf2 Na5 16. Bxf5 Nxc4 17. Qb3 Qa3+
18. Qxa3 Nxa3 19. Rhe1 $14) 14. Bf2 Na5 15. Re1 Qf8 (15... Qd6 {Ftacnik} 16.
Re5 Ba6 17. Rxf5 Nxc4 18. Qb3 Qe6 19. Rxg5 $1 $16) 16. Re5 {עf7} f4 17. Rf5 $1
{The R is like a thorn in the flesh here.} (17. Rxa5 $2 bxa5 18. Qxb7 Rb8 $40)
17... Rg8 (17... Ba6 $2 18. Nxf4 $1 gxf4 19. Bh4 $16) (17... Nc6 {Ftacnik} 18.
c5 $14 (18. Nxf4 Ne7 19. Rxf6+ Kxf6 20. Nh5+ Kf7 21. h4 $13)) 18. Bd3 Ba6 {
'?!' Ftacnik.} (18... Re8 $5 19. c5 $5 $36 (19. Rxa5 $6 bxa5 20. Qxb7 Rb8 21.
Qxc7 Qa3+ 22. Kd2 Rb2+ (22... Rgc8 $5) 23. Bc2 Rxc2+ $1 24. Kxc2 Qxa2+ 25. Kd3
Re8 26. Re1 Rxe1 27. Bxe1 Qxg2 28. Nf2 Qxf3+ 29. Kd2 Qe3+ 30. Kd1 Qf3+ $11) (
19. Nxf4 gxf4 20. Bh4 Re6 $13)) (18... Nc6 {Ftacnik} 19. Re1 $14 (19. Nxf4 Ne7
20. Rxf6+ Kxf6 21. Nh5+ Kf7 22. Re1 $44)) 19. Nxf4 $1 {[%mdl 512] The element
of risk in this intuitive sacrifice is not so high, White retains a strong ->
even against the best defense.} gxf4 20. Bh4 Rg5 (20... Rg6 $5 21. Rxf4 Rg5 22.
Rf1 $1 (22. d5 Qd6 $15) (22. Rxf6+ $2 Kxf6 23. f4 Kg7 24. fxg5 Qf4+ $17) (22.
Bxg5 hxg5 23. Rf5 Bxc4 $14 {<=>}) 22... Bxc4 (22... Nxc4 23. Qb3 d5 24. Rxf6+
Kxf6 25. f4 $18) (22... Qe7 23. Rxf6+ Kxf6 24. f4 Qe3+ 25. Qd2 $16) (22... Kg8
23. Bxg5 (23. Rxf6 Qxf6 24. f4 Nxc4 25. Qe2 Qd6 $1 $132) 23... hxg5 24. Rf5 $40
{'+/-' Ftacnik.}) (22... Qg7 {Ftacnik} 23. Rxf6+ $1 Qxf6 24. f4 $18) 23. Rxf6+
Kxf6 24. f4 Bxd3 25. fxg5+ Kg6 26. Rxf8 Rxf8 27. Qd2 Rf1+ 28. Be1 $18) 21. Bxg5
hxg5 22. h4 $1 {Ftacnik: 'Black king is only modestly covered, the kingside
pawns are all rather advanced. '} (22. Rxg5 Nxc4 $13) 22... Qh6 (22... Qh8 23.
Re1 gxh4 24. Qe2 $40 {/\} Re8 $2 25. Rxf6+ $18) (22... gxh4 $2 23. Rxh4 $18)
23. Re1 {'!' Ftacnik.} gxh4 (23... Qxh4 24. Qe2 Nc6 25. d5 Kg7 26. Rxf6 $1 Kxf6
27. dxc6 $18 {and Kf6 is fully exposed.}) (23... Re8 24. Rxe8 Kxe8 25. Qe2+ $1
Kd8 26. hxg5 Qh1+ 27. Kc2 $18) 24. Qe2 Rf8 (24... Kg8 25. Qe7 Re8 (25... Rf8
26. Rxf6 $1 $18 {'!' Ftacnik. -see game. Ftacnik: 'The attack is performed
with a great energy, black is limited to only moves and his pieces on the a
file are not much of a help.'}) 26. Qxe8+ Nxe8 27. Rxe8+ Kg7 28. Re7+ Kg8 29.
Rff7 $1 {/\Bh7+-}) 25. Qe7+ (25. Qe5 $142 $1 Nc6 (25... Kg7 26. Rg5+ Kh8 27.
Rg6 $18) 26. Rxf6+ $1 Qxf6 27. Qh5+ $18) 25... Kg8 26. Rxf6 $1 Rxf6 (26... Qxf6
27. Qh7#) 27. Qxd7 Qg7 ({Longer resistance was offered by} 27... Bxc4 $5 28.
Re8+ Rf8 29. Rxf8+ Kxf8 30. Bxc4 Nxc4 31. Qc8+ Kg7 32. Qxc7+ $18 {_|_Q}) (27...
c6 28. Re7 Bxc4 29. Qg4+ Kf8 30. Rh7 $18 {/\Qc8#}) 28. Re8+ Rf8 29. Re7 (29.
Qd5+ $1 {Ftacnik} Qf7 (29... Kh8 30. Rxf8+ Qxf8 31. Qh5+ $18) 30. Re6 $18)
29... Rf7 (29... Qf6 30. Qg4+ $18) (29... Qxg2 30. Qe6+ $18) (29... Qh6 30.
Bh7+ $1 Kh8 31. Be4 Kg8 32. Rh7 $1 {/\Bd5}) 30. Qe6 {/\Re8,Bg6} Qf6 31. Re8+ (
31. Re8+ Kg7 32. Qg4+ Kh6 33. Rh8+ $1 Qxh8 34. Qg6#) 1-0

[Event "Enghien les Bains 3rd"]
[Site "Enghien les Bains"]
[Date "1999.03.07"]
[Round "5"]
[White "Bacrot, Etienne"]
[Black "Salov, Valery"]
[Result "1/2-1/2"]
[WhiteElo "2561"]
[BlackElo "2670"]
[Annotator "Stohl,I"]
[PlyCount "133"]
[EventDate "1999.03.03"]
[EventType "tourn"]
[EventRounds "9"]
[EventCountry "FRA"]
[EventCategory "15"]
[SourceTitle "CBM 070"]
[Source "ChessBase"]
[SourceDate "1999.06.08"]
[SourceVersion "1"]
[SourceVersionDate "1999.06.08"]
[SourceQuality "1"]

1. d4 e6 2. c4 Bb4+ 3. Bd2 a5 4. Nc3 Nf6 (4... Nc6 $142 $5) 5. e4 $5 (5. Bg5 {
[%csl Ra5] ><a5} h6 6. Bh4 d6 7. e3 g5 8. Bg3 h5 9. f3 h4 10. Bf2 e5 11. Qc2 $6
Qe7 12. O-O-O Bxc3 13. Qxc3 e4 14. d5 Rg8 15. Ne2 Nbd7 16. Nd4 Nc5 17. f4 Ng4
18. Qe1 $11 {1/2,Stohl,I-Sher,M/Isle of Man op/1994/}) 5... d6 (5... Bxc3 6.
Bxc3 Nxe4 7. Qg4 Nxc3 (7... f5 8. Qxg7 Qf6 9. Qxf6 Nxf6 10. d5 $16 {[%csl Gc3,
Gf1] ^^_|_}) 8. Qxg7 Ke7 $5 (8... Rf8 9. bxc3 $36 {[%csl Re8] עe8}) 9. bxc3
Qg8 10. Qh6 b6 11. Qf4 $36) 6. a3 $146 (6. Bd3 $5 e5 (6... c5 $6 7. d5 Bxc3 8.
Bxc3 exd5 9. exd5 O-O 10. Ne2 Nbd7 11. O-O Re8 12. Ng3 Ne5 {Sokolov,I-Adams,M/
Wijk aan Zee/1996/} 13. Be2 $16) 7. a3 Bxc3 8. bxc3 c5 (8... Qe7 9. f3 Nbd7 10.
Ne2 Nf8 11. O-O h6 $6 12. f4 N8h7 13. c5 O-O 14. cxd6 cxd6 15. Ng3 Bg4 16. Qe1
Bd7 17. Rb1 Rab8 {Stohl,I-Eingorn,V/AUT-chTS2/1999/} 18. h3 $16) 9. Ne2 Nc6 10.
O-O O-O 11. f3 Nd7 12. Be3 a4 13. Rb1 Ra6 14. f4 Na5 15. Ng3 Nb3 16. Bc2 Re8
17. Nh5 Nf8 18. f5 exd4 19. Qg4 Ng6 20. cxd4 cxd4 21. Bf2 Qe7 22. Bxb3 axb3 23.
Rxb3 Rc6 24. Qd1 Ne5 25. Bxd4 Kh8 26. f6 {Sokolov,I-Dizdarevic,E/Sarajevo/1998/
}) 6... Bxc3 7. Bxc3 Nxe4 $5 {Now practically forced. But compared to the line
above the interpolated moves a3 and d6 give Black an extra tempo and the
position remains unclear.} (7... O-O $143 8. Bd3 $16 {[%csl Gc3,Gc4,Gd3,Gd4,
Ge4] [+],^^}) 8. Qg4 Nxc3 9. Qxg7 Ke7 $1 {[]} 10. bxc3 Qg8 11. Qh6 $8 {White
logically avoids the exchange of Q. Due to his damaged pawn structure he seeks
chances in play against Black's K.} (11. Qxg8 $6 Rxg8 12. g3 b6 $11 {/=/+})
11... Nd7 (11... b6 $142 $5 12. Qh4+ f6 13. Bd3 (13. Qe4 Ra7 $11) 13... e5 $5
$132 {/\Be6,Qg4}) 12. g3 $1 $14 {ע Now White harmoniously ends his
development.} b6 13. Bg2 Rb8 14. Nf3 Ba6 $1 (14... Bb7 15. O-O Qg6 16. Qe3 $14
{/\Nh4,Nd2}) 15. Nd2 Qg6 16. Qe3 h5 17. h3 (17. h4 Nf6 $13) (17. Be4 $5 f5 18.
Bd3 h4 19. O-O-O $14 {><e6}) 17... Rbg8 (17... f5 $5 {/\h4<=>}) 18. O-O Qg5 19.
Qe2 h4 20. g4 {[%cal Rf2f4] /\f4} Qf4 $8 21. Rfe1 Nf8 (21... c5 22. Qd3 $14)
22. Nf1 Ng6 23. Ne3 {/\Nd5} Kf8 24. Rad1 Kg7 ({Black should have tried to get
his N to f4 as soon as possible:} 24... Qf6 $5 25. Bc6 Nf4 26. Qf3 Kg7 $132) (
24... d5 25. Qa2 dxc4 26. Nxc4 Qg5 27. d5 $5 $36) 25. Bc6 $1 d5 26. Bb5 Bb7 (
26... Bxb5 27. cxb5 Qf6 28. c4 Nf4 29. Qf3 dxc4 30. Nxc4 $14 {/\Re4,Ne5}) 27.
cxd5 Bxd5 28. Nxd5 exd5 29. Qb2 {[%cal Ge1e8] <->e} Rd8 (29... Qf6 30. Re3 Nf4
31. Rf3 $36) 30. Re3 Rd6 31. Bd3 {Now Black's N will not get to f4 and White
with full control of the only open file has a strong initiative.} Rhd8 32. Rde1
Rf6 33. Bxg6 fxg6 34. Re7+ Rf7 35. Rxf7+ $6 (35. Qe2 $142 Rd7 36. Re8 $5 $36)
35... Qxf7 36. Re5 Qf3 37. Re7+ Kf8 38. Re3 (38. Rxc7 $2 Qxh3 39. Qe2 Re8 $19)
38... Qf7 39. Kg2 Rd6 40. Qe2 Rf6 41. Re5 Rf4 (41... c6 42. a4 $5 {><b6}) 42.
Qe3 Kg7 $1 {Now Black has play on the f-file and with only 2 major pieces on
each side it's not easy for White to increase his pressure.} 43. f3 (43. Re7
Rxf2+ 44. Kg1 Rf1+ $11) 43... Kf8 44. Qf2 Kg7 $1 45. Qe2 (45. Qxh4 Rxf3 46. Re7
(46. Qg5 Rf2+ 47. Kg3 Rf3+ 48. Kh4 Rxh3+ $1 49. Kxh3 Qf3+ $11) 46... Rf2+ $1
47. Kg3 Rf3+ $11) 45... Kf8 46. Qe3 {/\Rd5} c6 47. Qf2 $6 (47. Re6 $5 Rf6 48.
Qh6+ Kg8 49. Re3 Re6 50. Rxe6 Qxe6 51. Qxh4 Qe2+ 52. Qf2 Qd3 (52... Qe7 $5 53.
a4 b5 $14) 53. Qe1 Kf7 $14 {/\c5<=>}) (47. a4 $5 $36) 47... Qf6 48. Qe2 Qf7 (
48... Kf7 $5) 49. Qe3 (49. Re6 Rf6 $11) 49... a4 50. Qf2 (50. Re6 $142 $5)
50... Qf6 51. Qe2 Kf7 $1 52. Qd3 b5 $11 {Now Black's position is impenetrable.}
53. Re2 Kg7 54. Qe3 Qd6 55. Qf2 (55. Qe7+ Qxe7 56. Rxe7+ Rf7 (56... Kh6 57. Re6
(57. Rc7 Rf6 58. Kf2 Kg5 $5 $11) 57... c5 58. dxc5 Rc4 $11) 57. Re6 (57. Rxf7+
$2 Kxf7 58. Kf2 c5 59. dxc5 d4 60. cxd4 b4 $19) 57... Rf6 $11) 55... Qxa3 56.
Qxh4 Qxc3 57. Qe7+ (57. Re7+ $2 Kf8 $1 $17 (57... Rf7 58. Rxf7+ Kxf7 59. Qh7+
$11)) 57... Rf7 58. Qe5+ Kh7 59. f4 Qd3 (59... a3 60. Qe8 Kg7 (60... Rg7 61. f5
$40) 61. Qe5+ $11) 60. h4 Rxf4 {Black takes a draw, but he hardly had more, as
his K is too weak and White's pieces are well placed.} (60... b4 61. h5 a3 (
61... Rxf4 $2 62. hxg6+ Kxg6 (62... Kg8 63. Qe6+ Kh8 64. Qe8+ $18) 63. Qh5+ Kg7
(63... Kf6 64. Qh6+) 64. Re7+ $18) (61... gxh5 62. Qxh5+ Kg7 63. Qe5+ $11) 62.
Qe8 Rg7 63. Re6 $11 {<=>}) 61. Qc7+ Kg8 (61... Kh6 $4 62. Qxf4+) 62. Re8+ Rf8
63. Rxf8+ Kxf8 64. Qd6+ Kf7 (64... Ke8 65. Qe6+ $11) 65. Qd7+ Kf8 (65... Kf6 $4
66. g5#) 66. Qd6+ Kf7 67. Qd7+ 1/2-1/2

[Event "Fujitsu Siemens Giants"]
[Site "Frankfurt"]
[Date "2000.06.23"]
[Round "5"]
[White "Kasparov, Garry"]
[Black "Morozevich, Alexander"]
[Result "1/2-1/2"]
[WhiteElo "2851"]
[BlackElo "2748"]
[Annotator "Stohl,I"]
[PlyCount "75"]
[EventDate "2000.06.22"]
[EventType "tourn"]
[EventRounds "10"]
[EventCountry "GER"]
[EventCategory "21"]
[SourceTitle "CBM 078"]
[Source "ChessBase"]
[SourceDate "2000.10.18"]
[SourceVersion "1"]
[SourceVersionDate "2000.10.18"]
[SourceQuality "1"]

1. d4 e6 2. c4 b6 3. a3 Bb7 4. Nc3 f5 5. d5 Nf6 6. g3 Na6 7. Bg2 Nc5 8. Nh3 Bd6
9. O-O Be5 10. Qc2 {This whole line is rather tame but Black must nevertheless
be energetic to get <=>.} ({A more aggressive and double-edged try is} 10. Nb5
a6 (10... O-O 11. f4 (11. Bf4 $143 d6 12. Bxe5 dxe5 13. b4 Nce4 14. dxe6 Qe7
15. Qc2 a6 16. Nc3 Qxe6 17. Nxe4 fxe4 18. Ng5 Qg4 19. Nh3 a5 20. Rad1 Qh5 21.
f3 axb4 22. axb4 Ra3 23. fxe4 Re3 $44 {Shneider,A-Lempert,I/St Petersburg/1993/
}) 11... Bd6 12. b4 Nce4 13. dxe6 dxe6 14. Ng5 Qd7 15. Bb2 Rad8 16. Qc2 $36 Ng4
$2 17. Nxe4 Ne3 18. Qc3 Nxg2 19. Ng5 h6 20. Nxd6 cxd6 21. Nf3 {1-0,Prakash,
G-Reefat,S/Calcutta op/2000/}) 11. f4 Bxb2 12. Nxc7+ Qxc7 13. Bxb2 O-O 14. Nf2
exd5 15. cxd5 Rae8 16. a4 d6 17. Rb1 $14 Re3 $6 18. Qd2 Qe7 19. Be5 Rxe5 20.
fxe5 Qxe5 21. Rxb6 Bxd5 22. Rd1 Nxa4 23. Rxa6 Nc5 24. Bxd5+ Nxd5 25. Rc6 Nc3
26. Qxd6 Qe3 27. Qxc5 Nxd1 28. Qd5+ Kh8 29. Qxd1 f4 30. Qd6 {1-0, Aleksandrov,
A-Matveeva,S/St. Petersburg/1994/}) 10... O-O 11. Rd1 {White still keeps open
the route of his Nh3, the lines later show it can go to g5 as well.} (11. Nf4
Qe7 (11... Qe8 12. Be3 Bxc3 13. Qxc3 Nce4 14. Qc1 $6 (14. Qe5 $1 $14) 14...
exd5 15. cxd5 Rc8 16. Bd4 Nxd5 17. Nxd5 Bxd5 18. f3 Nf6 19. e4 fxe4 20. fxe4
Nxe4 21. Rxf8+ Qxf8 22. Qc2 c5 $17 {Borsuk,A-Miloradovic,J/YUG CupW Ulcinj/
1998/}) 12. Be3 Nce4 13. Nxe4 Nxe4 14. Rad1 c5 15. b3 Bxf4 16. Bxf4 exd5 17.
cxd5 Rae8 18. Rfe1 Qf6 19. Bc1 Ba6 20. Bb2 Qg6 21. f3 Ng5 22. b4 d6 23. f4 Ne4
24. Qa4 Bc4 25. bxc5 b5 26. Qxa7 Nxc5 27. Bf3 Rf7 28. Qb6 Rfe7 $132 {
Chiburdanidze,M-Matveeva,S/YUG-chTW Niksic/1997/}) 11... Qe7 12. Be3 Rab8 $146
{A prophylactic move, Black protects his B against possible tactical ideas as
d6.} (12... Nce4 13. Nxe4 Nxe4 14. Rac1 (14. Nf4 Rae8 (14... c5 $142 $1 $13)
15. Rac1 g5 16. Nd3 Bf6 17. Qa4 a6 18. Qb3 Rb8 19. Qc2 Rbc8 20. Bxe4 fxe4 21.
Nb4 a5 22. Na2 exd5 23. cxd5 c5 24. dxc6 Bxc6 25. Qb3+ Kh8 26. Nc3 Rb8 27. Nb5
$36 {Prakash,G-Reefat,S/Kelamabakkam/2000/}) (14. Bxe4 fxe4 15. Ng5 h6 16. Nxe4
exd5 17. cxd5 Bxb2 $13) 14... Rab8 {-12...Rab8!?} (14... exd5 $6 15. cxd5 Bd6
16. Bxe4 fxe4 17. Ng5 Rf5 18. Qxe4 Qf6 19. h4 g6 20. Bd4 Qf8 21. Qc2 Bxd5 22.
e4 Rxg5 23. hxg5 Be6 24. Bf6 $18 {Gelfand,B-Hamdouchi,H/Cap d'Agde/1994/}) (
14... c5 15. Bxe4 $5 (15. dxe6 dxe6 16. Bf4 Bf6 17. Rd3 e5 18. Be3 g5 19. Rcd1
Rad8 20. Rxd8 Rxd8 21. Rxd8+ Qxd8 22. Qd3 h6 23. g4 Qxd3 24. exd3 Nd6 25. Bxb7
Nxb7 26. f3 e4 $17 {Sher,M-Lempert,I/Yerevan/1996/}) 15... fxe4 16. Ng5 exd5
17. cxd5 Bd4 18. d6 Qf6 19. Bxd4 cxd4 (19... Qxg5 20. Bxc5 $1 bxc5 21. Qb3+ $16
) 20. f4 h6 (20... d3 $5 21. exd3 $14) 21. Nxe4 Qe6 22. Nf2 Rac8 23. Qd3 $14))
13. Rac1 Nce4 14. Nxe4 Nxe4 15. Nf4 (15. Bxe4 $5 fxe4 16. Ng5 $13 {/+/= was a
sharp attempt to endanger Black's setup.} (16. Qxe4 $2 Bxb2 $17)) 15... c5 $5
16. dxc6 (16. b4 cxb4 (16... g5 17. Nd3 exd5 18. Nxe5 Qxe5 19. bxc5 bxc5 20.
Bxe4 $5 $14) 17. axb4 g5 18. Nd3 Bf6 $132) 16... Bxc6 17. Nd3 Bf6 18. f3 (18.
b4 Rbc8 {><c4}) 18... Nc5 19. b4 Nxd3 20. Rxd3 (20. exd3 $5 e5 21. Re1 $14)
20... d5 21. f4 (21. c5 Rfc8 $132 {/\} (21... Bb5 22. Rdd1 Rfc8 23. f4 Bc4 $11)
22. a4 bxc5 23. Bxc5 Qd7 24. b5 $2 Bxb5 25. axb5 Rxb5 26. Qa4 Rcxc5 27. Rxc5
Rb1+ $19) 21... dxc4 22. Qxc4 Bxg2 23. Kxg2 Rf7 $1 {Although White is still
slightly better, Black has managed to simplify the position and has <=>
connected with e5. Therefore Kasparov exchanges Q, but in the _|_ his
advanatge will be insufficient.} (23... b5 $6 24. Qc6 Rf7 25. Rc5 $16) 24. b5
Re8 (24... Bb2 25. Rcd1 Bxa3 26. Qc6 $36) 25. Rcd1 e5 $132 26. Rd7 Qe6 27. Qxe6
Rxe6 28. Kf3 exf4 29. gxf4 Rxd7 30. Rxd7 Re7 31. Rxe7 (31. Rd5 g6 32. Bd4 Kf7
$11) 31... Bxe7 32. a4 Kf7 33. Bd4 Bd6 (33... g6 $11) 34. e4 g6 35. h3 (35. e5
Bb4 $11) 35... Ke6 36. Bc3 {[%csl Ra7,Rb6][%cal Ra4a5] /\a5,><a7,b6} (36. a5 $2
bxa5 37. Bxa7 a4 $15 {/\} 38. b6 $2 Bc5 $19) 36... Bc7 $11 37. Bb4 Bd8 38. e5 {
White can't penetrate into Black's camp.} (38. e5 Bc7 (38... g5 39. fxg5 Bxg5
40. Bd6 $14) (38... Be7 $2 39. Bxe7 Kxe7 40. Ke3 Kd7 41. Kd4 (41. h4 Ke7 42. h5
$2 gxh5 43. Kf3 Kf7 44. Kg3 Kg7 45. Kh4 Kg6 $11 46. e6 $2 Kf6 47. Kxh5 Kxe6 48.
Kh6 Kd5 $19) 41... Ke6 42. h4 h6 43. h5 $1 gxh5 44. Ke3 Ke7 45. Kf3 Kf7 46. Kg3
Kg7 47. Kh4 Kg6 48. e6 Kf6 49. Kxh5 Kxe6 50. Kxh6 Kd5 51. Kg6 Ke4 52. Kg5 $18)
39. Kg3 (39. Bf8 Kf7 $11) 39... Kf7 (39... g5 40. fxg5 Kxe5 41. Kf3 $14) 40.
Kh4 Bd8+ $11) 1/2-1/2